000 00849nam a2200241Ia 4500
003 OSt
005 20221005112141.0
006 a|||||r|||| 00| 0
007 ta
008 221004b |||||||| |||| 00| 0 pan d
020 _a817205369X (hbk)
_c160
024 _a94653
037 _b220, 01/01/2009, H.K. Prakashan
_cTextual
040 _aCRL
_cCRL
_bpan
041 _2pan
_apan
082 _aO153,3:g, P6
100 _aਮਹਿਲ ਸਿੰਘ
245 0 _aਪੰਜਾਬਪ ਨਾਵਲ ਦਾ ਸਮਾਜੑਇਤਿਹਾਸਕ ਅਧਿਐਨ
_b 1947 ਤਕ
260 _aਅੰਮ੍ਰਿਤਸਰ
_bਸਿੰਘ ਬ੍ਰਦਰਗ਼ ਭਾਰਤ
_c2007
300 _a149ਪੰ
_ccm.
942 _hO153,3:g, P6
_cTEXL
_2cc
999 _c1023973
_d1023973